Украинские литераторы по их произведениям - Statistics

General Stats
  • This quiz has been taken 7 times
  • The average score is 6 of 15
Answer Stats
Произведение Литератор % Correct
Кобзарь Тарас Шевченко
100%
Оргия Леся Украинка
71%
Украденное счастье Иван Франко
57%
Тени забытых предков Михаил Коцюбинский
57%
Маруся Иван Квитка-Основьяненко
57%
Семья Кайдаша Иван Нечуй-Левицкий
43%
Энеида Иван Котляревский
43%
Колония Макс Кидрук
43%
Наркис Григорий Сковорода
29%
Город Валерьян Пидмогыльный
29%
Мондегрин Владимир Рафеенко
29%
Собор Олесь Гончар
14%
Жёлтый князь Василий Барка
14%
Аргонавты Вселенной Владимир Владко
14%
Феликс Австрия София Андрухович
14%
No matching quizzes found
Score Distribution
Percent of People with Each Score
Percentile by Number Answered
Your Score History
You have not taken this quiz